000 00380nam a2200097Ia 4500
008 180130s9999 xx 000 0 und d
245 _cCremonini, Marco; Braghin, Chiara; Ardagna, Claudio Agostino
_aPrivacy on the internet
260 _c2013
300 _aBook title: Computer and information security handbook--Acession number C20545; pages 739-754
650 _aINFORMATION SECURITY
999 _c354165
_d354165